| 000 | 00825nam a2200277 a 4500 | ||
|---|---|---|---|
| 001 | BRL_1385 | ||
| 005 | 20190320211159.0 | ||
| 008 | 100114s1975----nyuao#####---#000-0#eng-# | ||
| 020 | _a0823004228 | ||
| 041 | _aeng | ||
| 044 | _anyu | ||
| 050 | 4 |
_aTT848 _b.T23 1975 |
|
| 100 | 1 |
_aTaber, Barbara _d1939- _926723 |
|
| 245 | 1 | 0 |
_aBackstrap weaving _cBy Barbara Taber and Marilyn Anderson. |
| 260 |
_aNew York _bWatson-Guptill _c1975 |
||
| 300 |
_a160 p. _bil., fotografías _c26 cm. |
||
| 500 | _aAu1634 | ||
| 500 | _aIncluye dedicatoria a Ruth Lechuga | ||
| 500 | _aEstado físico: Camisa rota de la parte superior | ||
| 504 | _aBibliografía: p. 157-158 | ||
| 650 | 1 | 4 |
_aTejido a mano _926724 |
| 650 | 1 | 4 |
_aTejeduría _926725 |
| 700 | 1 |
_aAnderson, Marilyn _d1937- _ecoaut. _926726 |
|
| 902 | _aGRL | ||
| 942 |
_2lcc _cB |
||
| 999 |
_c10196 _d10196 |
||